000 00376nam a2200145Ia 4500
008 230711s9999||||xx |||||||||||||| ||und||
041 _aENG
082 _a658
_bTA-Q
100 _aTaylor,James Robert
245 0 _aQuality control systems
250 _a1st
260 _c1992
_aNew York
_bTata McGraw Hill Education Limited
650 _aUNIVESITY BUSNIESS SCHOOL
942 _cBK
999 _c2646
_d2646